<?xml version="1.0" encoding="UTF-8"?>
<record
    xmlns:xsi="http://www.w3.org/2001/XMLSchema-instance"
    xsi:schemaLocation="http://www.loc.gov/MARC21/slim http://www.loc.gov/standards/marcxml/schema/MARC21slim.xsd"
    xmlns="http://www.loc.gov/MARC21/slim">

  <leader>00829nam a22001337a 4500</leader>
  <datafield tag="040" ind1=" " ind2=" ">
    <subfield code="c">RUA </subfield>
  </datafield>
  <datafield tag="082" ind1=" " ind2=" ">
    <subfield code="a">AVM SEN 2009 B088 Or.1</subfield>
  </datafield>
  <datafield tag="100" ind1=" " ind2=" ">
    <subfield code="a">SENG TONGHENG</subfield>
  </datafield>
  <datafield tag="245" ind1=" " ind2=" ">
    <subfield code="a">Utilization of csm to replace maize for fatting pigs in stung sen district kampong thom province, (&#x17A5;&#x1791;&#x17D2;&#x1792;&#x17B7;&#x1796;&#x179B;&#x1793;&#x17C3;&#x1780;&#x17B6;&#x179A;&#x1794;&#x17D2;&#x179A;&#x17BE;&#x179B;&#x17D2;&#x1794;&#x17B6;&#x1799;&#x1798;&#x17D2;&#x179F;&#x17C5;&#x178A;&#x17C6;&#x17A1;&#x17BC;&#x1784;&#x200B;&#x1798;&#x17B8; &#x179F;&#x178E;&#x17D2;&#x178A;&#x17C2;&#x1780;&#x179F;&#x17C0;&#x1784; &#x1793;&#x17B7;&#x1784;&#x1798;&#x17C1;&#x178F;&#x17D2;&#x1799;&#x17BC;&#x1793;&#x17B8;&#x1793; &#x178A;&#x17BE;&#x1798;&#x17D2;&#x1794;&#x17B8;&#x1787;&#x17C6;&#x1793;&#x17BD;&#x179F;&#x1796;&#x17C4;&#x178F;&#x1791;&#x17C5;&#x179B;&#x17BE;&#x1780;&#x17B6;&#x179A;&#x179B;&#x17BC;&#x178F;&#x179B;&#x17B6;&#x179F;&#x17CB;&#x179A;&#x1794;&#x179F;&#x17CB;&#x1787;&#x17D2;&#x179A;&#x17BC;&#x1780;&#x179F;&#x17B6;&#x1785;&#x17CB; &#x1793;&#x17C5;&#x179F;&#x17D2;&#x179A;&#x17BB;&#x1780;&#x179F;&#x17D2;&#x1791;&#x17B9;&#x1784;&#x179F;&#x17C2;&#x1793;&#x1781;&#x17C1;&#x178F;&#x17D2;&#x178F;&#x1780;&#x17C6;&#x1796;&#x1784;&#x17CB;&#x1792;&#x17C6;)</subfield>
  </datafield>
  <datafield tag="260" ind1=" " ind2=" ">
    <subfield code="a">phnom  penh </subfield>
    <subfield code="b">rua </subfield>
    <subfield code="c">2009 </subfield>
  </datafield>
  <datafield tag="300" ind1=" " ind2=" ">
    <subfield code="a">xi, 51p.</subfield>
    <subfield code="b">ill.</subfield>
    <subfield code="c">29cm.</subfield>
  </datafield>
  <datafield tag="856" ind1=" " ind2=" ">
    <subfield code="u">https://drive.google.com/file/d/1iXht7n7yR57wqcy9aAQJYHFc4hElGkw2/view?usp=sharing</subfield>
  </datafield>
  <datafield tag="942" ind1=" " ind2=" ">
    <subfield code="c">AVM</subfield>
  </datafield>
  <datafield tag="999" ind1=" " ind2=" ">
    <subfield code="c">2323</subfield>
    <subfield code="d">2323</subfield>
  </datafield>
  <datafield tag="952" ind1=" " ind2=" ">
    <subfield code="0">0</subfield>
    <subfield code="1">0</subfield>
    <subfield code="2">ddc</subfield>
    <subfield code="4">0</subfield>
    <subfield code="6">AVM_SEN_2009_000000000000000_B088_OR_1</subfield>
    <subfield code="7">0</subfield>
    <subfield code="9">10053</subfield>
    <subfield code="a">LBB</subfield>
    <subfield code="b">LBB</subfield>
    <subfield code="d">2015-10-19</subfield>
    <subfield code="o">AVM SEN 2009 B088 Or.1</subfield>
    <subfield code="p">RUA020135</subfield>
    <subfield code="r">2015-10-19</subfield>
    <subfield code="w">2015-10-19</subfield>
    <subfield code="y">AVM</subfield>
  </datafield>
  <datafield tag="952" ind1=" " ind2=" ">
    <subfield code="0">0</subfield>
    <subfield code="1">0</subfield>
    <subfield code="2">ddc</subfield>
    <subfield code="4">0</subfield>
    <subfield code="6">AVM_SEN_2009_000000000000000_B088_OR_2</subfield>
    <subfield code="7">0</subfield>
    <subfield code="9">10251</subfield>
    <subfield code="a">LBB</subfield>
    <subfield code="b">LBB</subfield>
    <subfield code="c">B088</subfield>
    <subfield code="d">2015-10-20</subfield>
    <subfield code="o">AVM SEN 2009 B088 Or.2</subfield>
    <subfield code="p">RUA009060</subfield>
    <subfield code="r">2015-10-20</subfield>
    <subfield code="w">2015-10-20</subfield>
    <subfield code="y">AVM</subfield>
  </datafield>
  <datafield tag="952" ind1=" " ind2=" ">
    <subfield code="0">0</subfield>
    <subfield code="1">0</subfield>
    <subfield code="2">ddc</subfield>
    <subfield code="4">0</subfield>
    <subfield code="6">AVM_SEN_2009_000000000000000_B088_OR_3</subfield>
    <subfield code="7">0</subfield>
    <subfield code="9">10252</subfield>
    <subfield code="a">LBB</subfield>
    <subfield code="b">LBB</subfield>
    <subfield code="c">B088</subfield>
    <subfield code="d">2015-10-20</subfield>
    <subfield code="o">AVM SEN 2009 B088 Or.3</subfield>
    <subfield code="p">RUA009159</subfield>
    <subfield code="r">2015-10-20</subfield>
    <subfield code="w">2015-10-20</subfield>
    <subfield code="y">AVM</subfield>
  </datafield>
  <datafield tag="952" ind1=" " ind2=" ">
    <subfield code="0">0</subfield>
    <subfield code="1">0</subfield>
    <subfield code="2">ddc</subfield>
    <subfield code="4">0</subfield>
    <subfield code="6">AVM_SEN_2009_000000000000000_B088_OR_4</subfield>
    <subfield code="7">0</subfield>
    <subfield code="9">10253</subfield>
    <subfield code="a">LBB</subfield>
    <subfield code="b">LBB</subfield>
    <subfield code="c">B088</subfield>
    <subfield code="d">2015-10-20</subfield>
    <subfield code="o">AVM SEN 2009 B088 Or.4</subfield>
    <subfield code="p">RUA009131</subfield>
    <subfield code="r">2015-10-20</subfield>
    <subfield code="w">2015-10-20</subfield>
    <subfield code="y">AVM</subfield>
  </datafield>
  <datafield tag="952" ind1=" " ind2=" ">
    <subfield code="0">0</subfield>
    <subfield code="1">0</subfield>
    <subfield code="2">ddc</subfield>
    <subfield code="4">0</subfield>
    <subfield code="6">AVM_SEN_2009_000000000000000_B088_OR_5</subfield>
    <subfield code="7">0</subfield>
    <subfield code="9">10850</subfield>
    <subfield code="a">LBB</subfield>
    <subfield code="b">LBB</subfield>
    <subfield code="c">B088</subfield>
    <subfield code="d">2015-10-21</subfield>
    <subfield code="o">AVM SEN 2009 B088 Or.5</subfield>
    <subfield code="p">RUA006011</subfield>
    <subfield code="r">2015-10-21</subfield>
    <subfield code="w">2015-10-21</subfield>
    <subfield code="y">AVM</subfield>
  </datafield>
  <datafield tag="952" ind1=" " ind2=" ">
    <subfield code="0">0</subfield>
    <subfield code="1">0</subfield>
    <subfield code="2">ddc</subfield>
    <subfield code="4">0</subfield>
    <subfield code="6">AVM_SEN_2009_000000000000000_B088_OR_6</subfield>
    <subfield code="7">0</subfield>
    <subfield code="9">10851</subfield>
    <subfield code="a">LBB</subfield>
    <subfield code="b">LBB</subfield>
    <subfield code="c">B088</subfield>
    <subfield code="d">2015-10-21</subfield>
    <subfield code="o">AVM SEN 2009 B088 Or.6</subfield>
    <subfield code="p">RUA006631</subfield>
    <subfield code="r">2015-10-21</subfield>
    <subfield code="w">2015-10-21</subfield>
    <subfield code="y">AVM</subfield>
  </datafield>
  <datafield tag="952" ind1=" " ind2=" ">
    <subfield code="0">0</subfield>
    <subfield code="1">0</subfield>
    <subfield code="2">ddc</subfield>
    <subfield code="4">0</subfield>
    <subfield code="6">AVM_SEN_2009_000000000000000_B088_OR_7</subfield>
    <subfield code="7">0</subfield>
    <subfield code="9">10852</subfield>
    <subfield code="a">LBB</subfield>
    <subfield code="b">LBB</subfield>
    <subfield code="c">B088</subfield>
    <subfield code="d">2015-10-21</subfield>
    <subfield code="o">AVM SEN 2009 B088 Or.7</subfield>
    <subfield code="p">RUA006623</subfield>
    <subfield code="r">2015-10-21</subfield>
    <subfield code="w">2015-10-21</subfield>
    <subfield code="y">AVM</subfield>
  </datafield>
  <datafield tag="952" ind1=" " ind2=" ">
    <subfield code="0">0</subfield>
    <subfield code="1">0</subfield>
    <subfield code="2">ddc</subfield>
    <subfield code="4">0</subfield>
    <subfield code="6">AVM_SEN_2009_000000000000000_B088_OR_8</subfield>
    <subfield code="7">0</subfield>
    <subfield code="9">10853</subfield>
    <subfield code="a">LBB</subfield>
    <subfield code="b">LBB</subfield>
    <subfield code="c">B088</subfield>
    <subfield code="d">2015-10-21</subfield>
    <subfield code="o">AVM SEN 2009 B088 Or.8</subfield>
    <subfield code="p">RUA009958</subfield>
    <subfield code="r">2015-10-21</subfield>
    <subfield code="w">2015-10-21</subfield>
    <subfield code="y">AVM</subfield>
  </datafield>
</record>
